| 000 | 00406nam a2200169Ia 4500 | ||
|---|---|---|---|
| 001 | 70040 | ||
| 008 | 151205s9999||||xx |||||||||||||| ||und|| | ||
| 020 | _aNA | ||
| 040 | _cPK-LaUMT | ||
| 082 |
_a346.0026 _bKHA-C |
||
| 100 | _aKhalid, A. D. | ||
| 245 |
_aCivil trial in Pakistan _cKhalid, A. D. |
||
| 260 |
_aLahore,Pakistan: _bC.C.L. Publisers, _c2012 |
||
| 300 | _a189 p. | ||
| 546 | _aEN | ||
| 942 | _cBK | ||
| 999 |
_c80511 _d80511 |
||